Insurance (Registro nro. 13787)
[ vista simple ]
| 000 -Cabecera | |
|---|---|
| Campo de control de longitud fija | 02130nam a2200361 4500 |
| 005 - Fecha y hora de la última transacción | |
| Campo de control | 20251024180000.0 |
| 008 - Elementos de longitud fija--Información general | |
| Campo de control de longitud fija | 250410b2014 |||||||| |||| 00| 0 eng d |
| 020 ## - International Standard Book Number | |
| Número Internacional Estándar del Libro (ISBN) | 9781471523359 |
| 041 ## - Idioma | |
| Código de idioma | Inglés |
| 082 ## - Clasificación Decimal Dewey | |
| Número de clasificación | 428.640.24 E92i |
| 100 ## - Entrada principal--Autor personal | |
| Nombre personal | Evans, Virginia |
| 9 (RLIN) | 2969 |
| 100 ## - Entrada principal--Autor personal | |
| Nombre personal | Dooley, Jenny |
| 9 (RLIN) | 27233 |
| 100 ## - Entrada principal--Autor personal | |
| Nombre personal | Leland Keel, Stephen |
| 245 ## - Título propiamente dicho | |
| Título | Insurance |
| 260 ## - Pie de imprenta | |
| Lugar de publicación, distribución, etc. | Estados Unidos |
| 260 ## - Pie de imprenta | |
| Nombre del editor, distribuidor, etc. | Express Publishing |
| 260 ## - Pie de imprenta | |
| Fecha de publicación, distribución, etc. | 2014 |
| 300 ## - Descripción física | |
| Extensión | 100 páginas |
| 300 ## - Descripción física | |
| Otras características físicas | Ilustraciones y fotografías a color |
| 440 ## - Declaración de serie/asiento adicional--título | |
| Título de la serie | Career Paths |
| 490 ## - Serie | |
| Título de la Serie | Dirección y Administración de Empresas |
| -- | Temática General |
| 505 ## - Nota de contenido | |
| Nota de contenido | Table of contents: |
| 505 ## - Nota de contenido | |
| Nota de contenido | Book 1: Unit 1: Insurance. Unit 2: Principles of insurance. Unit 3 - 4: Types of insurance. Unit 5: Basic insurance finance. Unit 6: Working with numbers. Unit 7: Describing quantities. Unit 8: Describing changes. Unit 9: Describing benefits. Unit 10: Structure og the market. Unit 11: Structure of an insurance company. Unit 12: Types of agents. Unit 13: People in an insurance agency. Unit 14: Insurance agency services. Unit 15: Pay and benefits. |
| 505 ## - Nota de contenido | |
| Nota de contenido | Book 2: Unit 1: Policy terminology. Unit 2: Insurance and practice. Unit 3: Types of risk. Unit 4: Risk assessment. Unit 5: Describing loss. Unit 6:Claims. Unit 7: Reinsurance. Unit 8 - 9: Automobile insurance. Unit 10 - 11: Life insurance. Unit 12: Disability insurance. Unit 13: Business interruption insurance. Unit 14: Travel insurance. Unit 15: Credit insurance. |
| 505 ## - Nota de contenido | |
| Nota de contenido | Book 3: Unit 1: Actuarial science. Unit 2: Underwriting. Unit 3: Investing. Unit 4: Marketing. Unit 5: Fire and perils insurance: combustion. Unit 6: Fire and perils insurance: major incidents. Unit 7: Types of property insurance. Unit 8: Common property hazards. Unit 9: Title insurance. Unit 10: Csualty insurance. Unit 11: Liability. Unit 12: Malpractice. Unit 13: Health insurance. Unit 14: Regulation. Unit 15: Fraud. |
| 650 ## - Materia general | |
| Temática (materia general) | VOCABULARY |
| 650 ## - Materia general | |
| Temática (materia general) | READING |
| 650 ## - Materia general | |
| Temática (materia general) | WRITING |
| 650 ## - Materia general | |
| Temática (materia general) | SPEAKING |
| 650 ## - Materia general | |
| Temática (materia general) | LISTENING |
| 942 ## - Punto de acceso adicional KOHA | |
| Fuente del sistema de clasificación o colocación | Dewey Decimal Classification |
| Tipo de ítem KOHA | Libro |
| Signatura completa | Código de barras | Programa Académico | Tipo de ítem |
|---|---|---|---|
| 428.640.24 E92i | 26029 | Libro | |
| 428.640.24 E92i | 26030 | Libro |